[Event "Tourn. n7935"]
[Site "www.chess-mail.com"]
[Date "2015.01.01"]
[Round "1"]
[White "Krasin"]
[Black "Cardiff"]
[WhiteElo "2170"]
[BlackElo "2140"]
[Result "1-0"]
[Round "1"]
1.e4 d6
2.d4 Ng8f6
3.Nb1c3 g6
4.f4 Bf8g7
5.Ng1f3 c5
6.dxc5 Qd8a5
7.Bf1d3 Qa5xc5
8.Qd1e2 O-O
9.Bc1e3 Qc5c7
10.h3 a6
11.g4 Nb8c6
12.a3 b5
13.O-O Bc8b7
14.Ra1e1 e6
15.Be3f2 Nf6d7
16.g5 Nd7c5
17.Nf3h2 Nc5xd3
18.Qe2xd3 Nc6a5
19.Nh2g4 Na5c4
20.Ng4f6 Kh8
21.Bf2d4 Nc4xb2
22.Qd3g3 Nb2c4
23.Qg3h4 Bg7xf6
24.Bd4xf6 { resign }
1-0

[Event "Tourn. n7814"]
[Site "www.chess-mail.com"]
[Date "2015.01.01"]
[Round "1"]
[White "Passaroa25"]
[Black "Georgepapi"]
[WhiteElo "1590"]
[BlackElo "1700"]
[Result "0-1"]
[Round "1"]
1.d3 e5
2.Nb1d2 Ng8f6
3.f3 d5
4.Nd2b3 Nb8c6
5.Bc1e3 d4
6.Be3f2 Bf8b4
7.Nb3d2 O-O
8.a3 Bb4a5
9.Qd1b1 Ba5xd2
10.Kxd2 Bc8f5
11.e4 dxe3
12.Bf2xe3 e4
13.Be3c5 Rf8e8
14.Ke3 exd3
15.Kf2 dxc2
16.Qb1a2 Qd8d2
17.Ng1e2 Bf5d3
18.b4 Bd3xe2
19.Kg3 c1Q
20.Bf1xe2 Qd2xa2
21.Rh1xc1 Qa2xe2
22.Rc1e1 Qe2xe1
23.Ra1xe1 Re8xe1
24.h3 Re1a1
25.b5 Nc6a5
26.Bc5b4 Na5c4
27.Kf4 Nc4xa3
28.Bb4xa3 Ra1xa3
29.g4 Ra8d8
30.g5 Nf6d5
31.Kf5 Ra3xf3
32.Kg4 Rf3e3
33.h4 Rd8e8
34.h5 Re8e4
35.Kf5 Re4f4

0-1

[Event "Tourn. n7926"]
[Site "www.chess-mail.com"]
[Date "2015.01.01"]
[Round "1"]
[White "Averoes"]
[Black "Krasin"]
[WhiteElo "2170"]
[BlackElo "2170"]
[Result "1/2-1/2"]
[Round "1"]
1.d4 Ng8f6
2.c4 g6
3.Nb1c3 d5
4.cxd5 Nf6xd5
5.e4 Nd5xc3
6.bxc3 Bf8g7
7.Bc1e3 O-O
8.Qd1d2 c5
9.Ra1b1 cxd4
10.cxd4 Nb8c6
11.Ng1f3 Bc8g4
12.d5 Bg4xf3
13.gxf3 Nc6e5
14.Bf1e2 Ra8c8
15.f4 Ne5c4
16.Be2xc4 Rc8xc4
17.e5 Qd8c8
18.O-O Qc8g4
19.Kh1 Qg4f3
20.Kg1 Qf3g4
21.Kh1 Qg4f3
22.Kg1 Bg7xe5
23.Qd2d1 Qf3h3
24.Qd1e2 Be5xf4
25.Be3xf4 Rc4xf4
26.f3 Qh3d7
27.Rf1d1 Rf8c8
28.Qe2e3 Rf4a4
29.Rd1d2 b6
30.Rb1e1 Rc8c7
31.Kg2 Ra4h4
32.Kh1 Rh4h3
33.Qe3e4 Rh3h5
34.a4 Rc7c5
35.Qe4xe7 Qd7xe7
36.Re1xe7 Rh5xd5
37.Rd2xd5 Rc5xd5
38.Re7xa7 Rd5a5
39.Ra7b7 Ra5xa4
40.Rb7xb6 Ra4a2
41.Rb6b4 Kg7
42.h4 h5
43.Kg1 Kf6
44.Rb4f4 Kg7
45.Rf4b4 Kf6
46.Rb4f4 Ke6
47.Rf4e4 Kf5
48.Re4b4 f6
49.Kf1 g5
50.hxg5 fxg5
51.Kg1 Ra2d2
52.Kf1 Ke5
53.Kg1 h4
54.Rb4g4 Kf5
55.Rg4e4 Rd2a2
56.Re4g4 Ra2e2
57.Rg4d4 Kg6
58.Rd4d6 Kh5
59.Rd6f6 h3
60.Rf6f5 Kh4
61.Kh1 h2
62.Rf5d5 Kh3
63.Rd5d1 Re2f2
64.Rd1e1 Kg3
65.Re1d1 Rf2xf3
66.Rd1d3 g4
67.Rd3d1 Rf3f2
68.Rd1d3 Kf4
69.Rd3d4 Kf3
70.Rd4f4 Kg3
71.Rf4xg4 Kh3
72.Rg4g3 { draw }
1/2-1/2

[Event "Tourn. n7850"]
[Site "www.chess-mail.com"]
[Date "2015.01.01"]
[Round "1"]
[White "Cardiff"]
[Black "Saidgermany"]
[WhiteElo "2100"]
[BlackElo "2070"]
[Result "1-0"]
[Round "1"]
1.e4 c6
2.Ng1f3 d5
3.exd5 cxd5
4.d4 Nb8c6
5.Nb1c3 Bc8g4
6.Bf1b5 a6
7.Bb5xc6 bxc6
8.O-O Ng8f6
9.h3 Bg4h5
10.Qd1d3  { time }
1-0

[Event "Tourn. n7985"]
[Site "www.chess-mail.com"]
[Date "2015.01.01"]
[Round "1"]
[White "Mitja"]
[Black "Bojan"]
[WhiteElo "1910"]
[BlackElo "1980"]
[Result "0-1"]
[Round "1"]
1.d4 d5
2.e3 a6
3.h3 Nb8c6
4.c3 e5
5.dxe5 Nc6xe5
6.Ng1f3 Ne5xf3
7.Qd1xf3 Bc8e6
8.Nb1d2 Qd8f6
9.Qf3e2 Bf8d6
10.Nd2f3 Ng8e7
11.Bc1d2 Be6f5
12.Nf3d4 Bf5g6
13.Qe2d1 c5
14.Qd1a4 Kf8
15.Nd4f3 Ne7c6
16.Qa4b3 Ra8b8
17.Qb3xd5 Nc6e7
18.Qd5b3 b5
19.Qb3d1 Ne7c6
20.Ra1c1 c4
21.Nf3d4 Nc6xd4
22.exd4 Rb8e8
23.Bd2e3 Bd6f4
24.Kd2 Qf6g5
25.Qd1e2 Re8e4
26.Rc1e1 f6
27.Qe2f3 Bf4xe3
28.Re1xe3 Kf7
29.Ke1 Rh8e8
30.Re3xe4 Bg6xe4
{ resign }
0-1

[Event "Tourn. n7878"]
[Site "www.chess-mail.com"]
[Date "2015.01.01"]
[Round "1"]
[White "Karadajyan"]
[Black "Juantonio"]
[WhiteElo "1920"]
[BlackElo "1960"]
[Result "1-0"]
[Round "1"]
1.d4 d5
2.Ng1f3 e6
3.c4 c6
4.Qd1c2 Ng8f6
5.g3 Bf8b4
6.Nb1d2 a5
7.Bf1g2 dxc4
8.a3 Bb4e7
9.Nd2xc4 Nb8d7
10.Bc1d2 O-O
11.O-O Nd7b6
12.Bd2xa5 Nf6d7
13.b4 Ra8a6
14.Nf3e5 Nd7xe5
15.dxe5 Ra6xa5
16.Nc4xa5 Nb6d5
17.Rf1d1 Qd8b6
18.e4 Nd5c7
19.Na5c4 Qb6a7
20.Nc4d6 Qa7b6
21.a4 h6
22.b5 { resign }
1-0

[Event "Tourn. n7882"]
[Site "www.chess-mail.com"]
[Date "2015.01.01"]
[Round "1"]
[White "Oxycontin"]
[Black "Generalfree"]
[WhiteElo "1990"]
[BlackElo "1870"]
[Result "1-0"]
[Round "1"]
1.Ng1f3 e6
2.d4 b6
3.g3 Bc8b7
4.Bf1g2 d5
5.O-O f6
6.Nb1d2 g5
7.Rf1e1 Nb8c6
8.e4 dxe4
9.Nd2xe4 g4
10.Nf3d2 f5
11.Ne4c3 Qd8xd4
12.Bg2xc6 Bb7xc6
13.Re1xe6 Kd7
14.Re6xc6 Kxc6
15.Qd1e2 Kb7
16.Nd2b3 Qd4d8
17.Bc1f4 Bf8d6
18.Ra1d1 Ng8f6
19.Nc3b5 Nf6e4
20.f3 gxf3
21.Qe2xf3 Ka6
22.Qf3d3 Bd6xf4
23.Nb5xc7 Kb7
24.Qd3a6 Kxc7
25.Rd1xd8 Bf4e3
26.Kg2 Rh8xd8
27.Qa6e2 Be3h6
28.Qe2c4 Kb8
29.Qc4e6 Bh6f8
30.Qe6xf5 Rd8e8
31.Qf5xh7 Ne4f6
32.Qh7f7 Bf8e7
33.Nb3d4 Kc7
34.h4 Kb7
35.h5 Nf6g4
36.Qf7f3 Kc7
37.Qf3xg4 Be7f6
38.Nd4e6 Kd6
39.Ne6f4 Bf6xb2
40.h6 Ra8c8
41.Qg4g6 Kd7
42.Qg6f7 Kd8
43.Nf4e6 { resign }
1-0

[Event "Tourn. n7868"]
[Site "www.chess-mail.com"]
[Date "2015.01.01"]
[Round "1"]
[White "Falcoale"]
[Black "Anja"]
[WhiteElo "2050"]
[BlackElo "1850"]
[Result "0-1"]
[Round "1"]
1.e4 Ng8f6
2.Nb1c3 d5
3.exd5 Nf6xd5
4.Qd1f3 Bc8e6
5.Nc3e4 g6
6.Ne4g5 Qd8d7
7.Bf1d3 Bf8g7
8.Ng1e2 O-O
9.O-O Be6g4
10.Qf3g3 Nd5b4
11.f3 Bg4f5
12.Qg3h4 h6
13.Bd3xf5 Qd7xf5
14.Ng5e4 Nb4xc2
15.Ra1b1 Nb8c6
16.d3 g5
17.Qh4f2 Nc2d4
18.Bc1e3 Nd4c2
19.Be3d2 Nc6d4
20.Bd2c3 Nd4xe2
21.Qf2xe2 Nc2d4
22.Qe2d2 Ra8d8
23.f4 g4
24.Ne4g3 Qf5c5
25.Rb1c1 Nd4f3
26.Kh1 Nf3xd2
27.Bc3xd2 Qc5b6
28.b3 Rd8xd3
29.Bd2e1 Rf8d8
30.Be1f2 Qb6a5
31.Ng3f5 Qa5xf5
32.Bf2c5 Qf5d5
33.Bc5xe7 Rd8d7
{ resign }
0-1

[Event "Tourn. n7915"]
[Site "www.chess-mail.com"]
[Date "2015.01.01"]
[Round "1"]
[White "Apoorva"]
[Black "Cardiff"]
[WhiteElo "2150"]
[BlackElo "2030"]
[Result "1-0"]
[Round "1"]
1.d4 d5
2.Ng1f3 c6
3.Nb1d2 Ng8f6
4.c4 g6
5.e3 Bf8g7
6.cxd5 cxd5
7.Bf1e2 Nb8c6
8.O-O O-O
9.a3 a5
10.b3 Bc8f5
11.Bc1b2 Nf6e4
12.Nd2xe4 Bf5xe4
13.Nf3e5 Nc6xe5
14.dxe5 Ra8c8
15.Ra1c1 Rc8xc1
16.Qd1xc1 Qd8b8
17.f3 Rf8c8
18.Qc1e1 Be4c2
19.Qe1xa5 Bc2xb3
20.Qa5b4 Bb3c4
21.Be2xc4 Rc8xc4
22.Qb4xe7 Rc4c2
23.Bb2d4 Bg7f8
24.Qe7d7 Bf8xa3
25.e6 fxe6
26.Qd7xe6 Kf8
27.Qe6f6 Ke8
28.Qf6h8 Ba3f8
29.Qh8xh7 Rc2c6
30.Qh7g8 Qb8d6
31.Rf1a1 Rc6a6
32.Ra1c1 Ra6c6
33.Rc1b1 b6
34.Bd4g7 Rc6c2
35.Bg7xf8 Qd6xf8
36.Qg8xg6 { resign }
1-0

[Event "Match"]
[Site "www.echecsemail.com"]
[Date "2015.01.01"]
[Round "1"]
[White "Orkman"]
[Black "Spartacus42"]
[WhiteElo "2160"]
[BlackElo "1809"]
[Result "1-0"]
[Round "1"]
1.e4 c6
2.d4 d5
3.Nb1c3 dxe4
4.Nc3xe4 Bc8f5
5.Ne4g3 Bf5g6
6.h4 h6
7.Ng1f3 Nb8d7
8.h5 Bg6h7
9.Bf1d3 Bh7xd3
10.Qd1xd3 Ng8f6
11.Bc1d2 Qd8c7
12.O-O-O e6
13.Ng3e4 Nf6xe4
14.Qd3xe4 Nd7f6
15.Qe4h4 O-O-O
16.Kb1 Bf8d6
17.c3 c5
18.dxc5  { time }
1-0

[Event "Match"]
[Site "www.echecsemail.com"]
[Date "2015.01.01"]
[Round "1"]
[White "Paco"]
[Black "Gmi42"]
[WhiteElo "1990"]
[BlackElo "1809"]
[Result "1-0"]
[Round "1"]
1.e4 c6
2.d4 d5
3.e5 Bc8f5
4.Ng1f3 e6
5.Bc1f4 Nb8d7
6.Bf1d3 Bf5xd3
7.Qd1xd3 Ng8e7
8.O-O Ne7f5
9.Nb1c3  { time }
1-0

[Event "Match"]
[Site "www.echecsemail.com"]
[Date "2015.01.01"]
[Round "1"]
[White "Pare123"]
[Black "Joseph1983"]
[WhiteElo "1960"]
[BlackElo "2190"]
[Result "1-0"]
[Round "1"]
1.c4 e5
2.Nb1c3 Ng8f6
3.e4 c6
4.Ng1f3 d6
5.d3 Bf8e7
6.Bf1e2 O-O
7.O-O Rf8e8
8.b4 Be7f8
9.Bc1g5 h6
10.Bg5h4 a5
11.a3 axb4
12.axb4 Ra8xa1
13.Qd1xa1 Nb8a6
14.b5 Na6c5
15.h3 g5
16.Nf3xg5 hxg5
17.Bh4xg5 Bf8e7
18.Qa1c1 Nf6h7
19.Bg5xe7 Qd8xe7
20.f4 Nc5e6
21.f5 Ne6d4
22.Qc1d2 Qe7g5
23.Qd2d1 Nh7f6
24.Be2f3 Kh8
25.g4 Nf6h5
26.Kf2 Nh5f4
27.Rf1h1 Qg5h4
28.Ke3 Qh4g3
29.Qd1f1 Nf4xd3
30.Kxd3 Qg3xf3
31.Qf1xf3 Nd4xf3
32.h4 Kg7
33.Ke3 Nf3d4
34.g5 Bc8d7
35.h5 cxb5
36.cxb5 Nd4xb5
37.Nc3d5 Re8a8
38.h6 Kh8
39.g6 fxg6
40.fxg6 Ra8a3
41.Kf2 Ra3a2
42.Kg3 Ra2a3
43.Kh4 Bd7e6
44.Nd5f6 { resign }
1-0

[Event "Match"]
[Site "www.echecsemail.com"]
[Date "2015.01.01"]
[Round "1"]
[White "Spankstella"]
[Black "Apoorva"]
[WhiteElo "2240"]
[BlackElo "2110"]
[Result "0-1"]
[Round "1"]
1.d4 d5
2.e4 e6
3.exd5 exd5
4.Nb1c3 Ng8f6
5.Ng1f3 Bf8d6
6.Bf1e2 O-O
7.O-O c6
8.Bc1g5 Bc8f5
9.h3 Nb8d7
10.Rf1e1 Qd8b6
11.Qd1c1 Nf6e4
12.Bg5e3 Ra8e8
13.Nf3e5 Qb6c7
14.Nc3xe4 Bd6xe5
15.dxe5 dxe4
 { time }
0-1

[Event "Match"]
[Site "www.echecsemail.com"]
[Date "2015.01.01"]
[Round "1"]
[White "Maestro"]
[Black "Apdash"]
[WhiteElo "1990"]
[BlackElo "2180"]
[Result "0-1"]
[Round "1"]
1.f4 e5
2.Ng1f3 e4
3.Nf3e5 Bf8c5
4.d4 Bc5b6
5.e3 d6
6.Ne5g4 c5
7.Bf1b5 Nb8c6
8.d5 a6
9.Bb5a4 Ng8e7
10.dxc6 bxc6
11.Nb1c3 Bb6a5
12.Bc1d2 Ba5xc3
13.Bd2xc3 O-O
14.O-O d5
15.Ng4e5 Qd8c7
16.b4 cxb4
17.Bc3xb4 c5
18.Bb4d2 f6
19.Ne5g4 d4
20.exd4 cxd4
21.Bd2b4 Rf8d8
22.Ba4b3 Kh8
23.Bb4xe7 Qc7xe7
24.f5 d3
25.cxd3 exd3
26.Rf1f3 Qe7c5
27.Ng4f2 d2
28.h3 Bc8b7
29.Rf3f4 Qc5e3
30.Rf4f3 Bb7xf3
31.Qd1xf3 Qe3e1
32.Ra1xe1 dxe1Q
33.Kh2 Qe1e5
34.g3 Ra8c8
35.Kg2 Rd8d2
36.Qf3b7 Rc8d8
37.Qb7xa6 Qe5xf5
38.Qa6b6 Qf5e4
39.Kh2 Qe4f3
40.Bb3d1 Rd2xf2
41.Kg1 Qf3g2
{ resign }
0-1

[Event "Match"]
[Site "www.echecsemail.com"]
[Date "2015.01.01"]
[Round "1"]
[White "Muchomurka"]
[Black "Parasquirrel"]
[WhiteElo "2490"]
[BlackElo "2280"]
[Result "1-0"]
[Round "1"]
1.e4 d6
2.d4 Ng8f6
3.Nb1c3 g6
4.Bf1c4 Bf8g7
5.Qd1e2 Nb8c6
6.e5 Nf6g4
7.Bc4b5 O-O
8.Bb5xc6 bxc6
9.h3 Ng4h6
10.Ng1f3 a5
11.Nc3e4 f6
12.Bc1d2 fxe5
13.dxe5 Bc8a6
14.c4 d5
15.Ne4c5 Ba6xc4
16.Qe2e3 d4
17.Qe3xd4 Qd8xd4
18.Nf3xd4 Bg7xe5
19.Nd4xc6 Be5d6
20.Nc5d7 Rf8f5
21.Bd2xh6 Bc4d5
22.Nd7b8 Bd5xg2
23.Rh1g1 Bg2xh3
24.Rg1g5 Kf7
25.Rg5xf5 Bh3xf5
26.f4 a4
27.a3 Kf6
28.O-O-O Bf5h3
29.Kd2 Bd6c5
30.Ke1 Bh3f5
31.Rd1d8 Bf5e4
32.Nb8d7 Ke6
33.Nd7xc5  { time }
1-0

[Event "Match"]
[Site "www.echecsemail.com"]
[Date "2015.01.01"]
[Round "1"]
[White "Mitja"]
[Black "Bojan"]
[WhiteElo "1910"]
[BlackElo "1960"]
[Result "0-1"]
[Round "1"]
1.d4 d5
2.e3 c6
3.h3 Nb8d7
4.Ng1f3 Qd8c7
5.c3 Ng8f6
6.Bf1e2 e5
7.dxe5 Nd7xe5
8.Nf3xe5 Qc7xe5
9.Qd1d4 Bf8d6
10.Qd4xe5 Bd6xe5
11.Nb1d2 Bc8f5
12.Nd2f3 Be5d6
13.Nf3d4 Bf5g6
14.a3 a6
15.b4 O-O
16.Bc1b2 Rf8e8
17.O-O Nf6d7
18.Be2d1 Bg6d3
19.Rf1e1 Nd7b6
20.Bd1c2 Bd3xc2
21.Nd4xc2 Nb6c4
22.Ra1b1 Re8e6
23.Nc2d4 Re6f6
24.Bb2c1 h6
25.Rb1a1 g5
26.g4 Kg7
27.Kg2 Kg6
28.Re1f1 Ra8h8
29.Ra1a2 h5
30.Rf1h1 hxg4
31.hxg4 Rh8xh1
32.Kxh1 Nc4e5
33.f4 Ne5xg4
34.Ra2g2 Kh5
35.fxg5 Rf6g6
36.e4 dxe4
37.Rg2e2 e3
38.Nd4f5 Ng4f2
{ resign }
0-1

[Event "Match"]
[Site "www.echecsemail.com"]
[Date "2015.01.01"]
[Round "1"]
[White "Apdash"]
[Black "Spankstella"]
[WhiteElo "2110"]
[BlackElo "2240"]
[Result "1-0"]
[Round "1"]
1.d4 d5
2.Ng1f3 c5
3.e3 Nb8c6
4.dxc5 e5
5.c4 d4
6.exd4 exd4
7.Bf1d3 Bf8xc5
8.O-O Ng8e7
9.Rf1e1 Bc8e6
10.Nf3g5 Qd8d7
11.Ng5xe6 fxe6
12.a3 Bc5d6
13.Bc1g5 O-O-O
14.b4 Nc6e5
15.c5 Bd6b8
16.a4  { time }
1-0

[Event "Match"]
[Site "www.echecsemail.com"]
[Date "2015.01.01"]
[Round "1"]
[White "Ztornad"]
[Black "Reanna"]
[WhiteElo "1670"]
[BlackElo "1700"]
[Result "1-0"]
[Round "1"]
1.e4 e5
2.Nb1c3 Ng8f6
3.d4 Bf8d6
4.dxe5 Bd6xe5
5.Ng1f3 Qd8e7
6.Nf3xe5 Qe7xe5
7.f4 Qe5h5
8.Bf1e2 Qh5g6
9.Be2f3 O-O
10.b3 d6
11.f5 Bc8xf5
12.O-O Nf6xe4
13.Nc3d5 Nb8a6
14.Nd5e7 Kh8
15.Ne7xg6 Bf5xg6
16.Bc1b2 { resign }
1-0

[Event "Match"]
[Site "www.echecsemail.com"]
[Date "2015.01.01"]
[Round "1"]
[White "Woadman62"]
[Black "Ostapbender"]
[WhiteElo "2490"]
[BlackElo "2610"]
[Result "1/2-1/2"]
[Round "1"]
1.Ng1f3 Ng8f6
2.g3 g6
3.Bf1g2 Bf8g7
4.O-O O-O
5.c4 d6
6.d3 e5
7.Nb1c3 c6
8.Ra1b1 Rf8e8
9.Nf3d2 a5
10.Nd2e4 Nf6xe4
11.dxe4 Nb8a6
12.b3 Na6c5
13.Bc1e3 Bc8e6
14.Qd1c2 Qd8c7
15.Rf1d1 Ra8d8
16.h4 h5
17.Kh2 Be6d7
18.Rd1d2 Nc5e6
19.Rb1d1 Ne6d4
20.Qc2c1 Rd8c8
21.f3 b5
22.Be3f2 Re8d8
23.e3 Nd4e6
24.Rd2xd6 Bg7f8
25.Rd6d2 bxc4
26.bxc4 Ne6c5
27.Qc1c2 Bd7e6
28.Rd2xd8 Rc8xd8
29.Bg2f1 Rd8b8
30.Bf2e1 Qc7a7
31.Be1d2 a4
32.Bf1e2 a3
33.Rd1b1 Rb8xb1
34.Nc3xb1 Qa7a4
35.Qc2c3 Nc5d7
36.Bd2c1 Bf8b4
37.Qc3d3 Nd7c5
38.Qd3d1 Qa4xd1
39.Be2xd1 Be6xc4
40.Bc1xa3 Bb4xa3
41.Nb1xa3 Bc4xa2
42.Bd1e2 Ba2e6
43.Be2c4 f6
44.Bc4xe6 Nc5xe6
45.Na3c4 Kf7
46.Kg2 Ne6d8
47.Kf2 Nd8b7
48.Ke2 Ke6
49.Kd3 Nb7c5
50.Kc3 g5
51.Kd2 g4
52.Ke2 gxf3
53.Kxf3 Nc5b7
54.Nc4b2 c5
55.g4 hxg4
56.Kxg4 Nb7d6
57.Kf3 Kf7
58.Nb2d1 c4
{ draw }
1/2-1/2

[Event "Match"]
[Site "www.echecsemail.com"]
[Date "2015.01.01"]
[Round "1"]
[White "Bojan"]
[Black "Mitja"]
[WhiteElo "1940"]
[BlackElo "1890"]
[Result "1-0"]
[Round "1"]
1.e4 d5
2.exd5 Qd8xd5
3.Nb1c3 Qd5d8
4.h3 e6
5.Ng1f3 c6
6.Bf1c4 Ng8f6
7.a3 Nb8d7
8.d4 Nd7b6
9.Bc4b3 h6
10.O-O Bc8d7
11.Bc1f4 Nf6d5
12.Nc3xd5 Nb6xd5
13.Bf4g3 Bf8e7
14.Nf3e5 Bd7c8
15.Qd1f3 O-O
16.c4 Nd5b6
17.Rf1d1 Nb6d7
18.Qf3g4 Nd7xe5
19.Bg3xe5 Be7f6
20.Be5f4 Bf6g5
21.Bf4e5 Bg5f6
22.Be5f4 Bf6g5
23.Rd1d3 Bg5xf4
24.Qg4xf4 b6
25.Ra1d1 Qd8e7
26.d5 cxd5
27.cxd5 exd5
28.Rd3xd5 Bc8e6
29.Rd5e5 Ra8d8
30.Bb3c2 Qe7c7
31.Rd1c1 Qc7b8
32.Qf4e4 g6
33.Qe4e3 Kg7
34.Re5b5 Rf8e8
35.Qe3c3 Kh7
36.Rb5b4 Rd8d5
37.Rc1e1 Re8d8
38.g3 Qb8b7
39.Bc2e4 Be6xh3
40.Qc3f3 Rd8e8
41.Kh2 Qb7d7
42.Be4xg6 fxg6
43.Re1xe8 Rd5h5
44.Rb4h4 Qd7xe8
45.Rh4xh5 gxh5
46.Kxh3 Qe8e6
47.Kg2 Kg6
48.Qf3d3 Kg5
49.f3 Qe6f5
50.Qd3e3 Kg6
51.Qe3e4 Qf5xe4
52.fxe4 Kf6
53.Kf3 Ke5
54.Ke3 a5
55.a4 { resign }
1-0

[Event "Match"]
[Site "www.echecsemail.com"]
[Date "2015.01.01"]
[Round "1"]
[White "Derik"]
[Black "Gorski"]
[WhiteElo "1440"]
[BlackElo "1449"]
[Result "1-0"]
[Round "1"]
1.e4 e5
2.d3 Bf8c5
3.Nb1d2 Ng8f6
4.Ng1f3 d6
5.g3 Nb8c6
6.Bf1g2 O-O
7.O-O Bc8g4
8.b3 Qd8d7
9.c4  { time }
1-0

[Event "1/16 Finale"]
[Site "www.chess-mail.com"]
[Date "2015.01.01"]
[Round "1"]
[White "Cobraxx7"]
[Black "Mateur"]
[WhiteElo "2550"]
[BlackElo "2330"]
[Result "1-0"]
[Round "1"]
1.c4 Ng8f6
2.Nb1c3 e5
3.g3 Bf8b4
4.Bf1g2 O-O
5.Ng1f3 Nb8c6
6.O-O e4
7.Nf3g5 Bb4xc3
8.bxc3 Rf8e8
9.Qd1c2 Qd8e7
10.d3 exd3
11.exd3 h6
12.Ng5f3 d6
13.h3 Bc8f5
14.Nf3d4 Nc6xd4
15.cxd4 Qe7e2
16.Qc2xe2 Re8xe2
17.Rf1d1 Ra8e8
18.Bc1e3 b6
19.g4 Bf5g6
20.a4 Re2b2
21.a5 Rb2b3
22.Bg2f1 b5
23.d5 Re8a8
24.a6 bxc4
25.dxc4 h5
26.g5 Nf6d7
27.Ra1a5 Nd7e5
28.Ra5b5 Rb3a3
29.Rb5b7 Ne5f3
30.Kh1 Ra3a2
31.Bf1g2 Nf3h4
32.Rb7xc7 Ra2xa6
33.c5 Bg6c2
34.Rd1d2 Bc2f5
35.c6 Ra6a4
36.Kh2 Nh4xg2
37.Kxg2 a5
38.g6 fxg6
39.Be3d4 Ra4b4
40.Rc7xg7 Kf8
41.Rg7h7 Ra8e8
42.Rh7a7 a4
43.Bd4b2 Re8e7
44.Ra7a8 Re7e8
45.Ra8a6 Bf5e4
46.Kh2 Be4f3
47.Bb2a3 h4
48.Rd2d1 Rb4b3
49.Ba3xd6 Kf7
50.Ra6a7 Kf6
51.Rd1c1 Bf3xd5
52.c7 Bd5e6
53.Rc1e1 Rb3xh3
54.Kg2 Rh3d3
55.Bd6e5 Kg5
56.Ra7a6 Be6h3
57.Kh2 Kh5
58.Be5f4 Re8f8
59.Ra6a5 Bh3f5
60.Re1b1 Rd3b3
61.Rb1d1 Rf8c8
62.Rd1d8 Kg4
63.Ra5xf5 Rc8xc7
64.Rf5f6 Rc7c5
65.Rd8d4  { time }
1-0

[Event "1/8 Finale"]
[Site "www.chess-mail.com"]
[Date "2015.01.01"]
[Round "1"]
[White "Greghghs"]
[Black "Chessmith19"]
[WhiteElo "2410"]
[BlackElo "2640"]
[Result "0-1"]
[Round "1"]
1.e4 e5
2.Ng1f3 Nb8c6
3.Bf1b5 a6
4.Bb5a4 Ng8f6
5.d3 Bf8c5
6.O-O d6
7.c3 O-O
8.Nb1d2 Bc8e6
9.Ba4xc6 bxc6
10.d4 exd4
11.cxd4 Bc5b6
12.Qd1c2 Qd8d7
13.b3 Rf8e8
14.Bc1b2 Nf6h5
15.Ra1c1 f5
16.exf5 Be6xf5
17.Qc2xc6 Qd7xc6
18.Rc1xc6 Re8e2
19.h3 Nh5f4
20.Bb2a3 Bb6a5
21.Nd2c4 Re2xa2
22.Nc4xa5 Ra2xa3
23.b4 Ra8c8
24.Na5c4 Ra3a2
25.Nc4d2 Bf5d7
{ resign }
0-1

[Event "1/64 Finale"]
[Site "www.chess-mail.com"]
[Date "2015.01.01"]
[Round "1"]
[White "Wildsmokey"]
[Black "Osopanda"]
[WhiteElo "2090"]
[BlackElo "1920"]
[Result "0-1"]
[Round "1"]
1.e4 c6
2.d4 d5
3.Nb1d2 dxe4
4.Nd2xe4 Bc8f5
5.Ne4g3 Bf5g6
6.Ng1f3 h6
7.h4 e6
8.h5 Bg6h7
9.Bf1d3 Ng8f6
10.Bd3xh7 Nf6xh7
11.Bc1f4 Nb8d7
12.Qd1e2 Bf8e7
13.O-O-O O-O
14.Kb1 Nd7f6
15.Nf3e5 Nf6d5
16.Bf4d2 Be7g5
17.Bd2xg5 Nh7xg5
18.c4 Nd5f4
19.Qe2d2 Nf4xg2
20.f4 Ng2xf4
21.Qd2xf4 Qd8e7
 { time }
0-1

[Event "1/64 Finale"]
[Site "www.chess-mail.com"]
[Date "2015.01.01"]
[Round "1"]
[White "Averoes"]
[Black "Gyu"]
[WhiteElo "2110"]
[BlackElo "1769"]
[Result "1-0"]
[Round "1"]
1.d4 d5
2.c4 Ng8f6
3.cxd5 Nf6xd5
4.e4 Nd5b6
5.Nb1c3 e6
6.Ng1f3 h6
7.Bf1d3 Bf8e7
8.O-O Bc8d7
9.Bc1e3 O-O
10.Qd1e2 Nb8c6
11.Ra1d1 Nc6b4
12.Bd3b1 Bd7c6
13.a3 Nb4a6
14.Qe2d3 g6
15.Be3xh6 Rf8e8
16.Nf3e5 Bc6d7
17.Qd3f3 f6
18.Ne5xg6 Nb6c4
19.Qf3h5 Nc4d6
20.f4  { time }
1-0

[Event "Eq:Team USA-Los Tercios : "]
[Site "www.chess-mail.com"]
[Date "2015.01.01"]
[Round "1"]
[White "Uji40"]
[Black "Shihchuliao"]
[WhiteElo "1740"]
[BlackElo "1980"]
[Result "0-1"]
[Round "1"]
1.e4 e5
2.Ng1f3 d6
3.d4 Nb8c6
4.Bf1b5 Bc8d7
5.O-O Nc6xd4
6.Nf3xd4 exd4
7.Bb5xd7 Qd8xd7
8.Qd1xd4 Ng8e7
9.Rf1d1 Ne7c6
10.Qd4e3 O-O-O
11.Nb1c3 Rd8e8
12.Nc3b5 Kb8
13.a3 f5
14.Nb5c3 fxe4
15.Nc3xe4 d5
16.Ne4c5 Bf8xc5
17.Qe3xc5 d4
18.Bc1e3 Re8e4
19.Qc5c4 Rh8f8
20.c3 Qd7f5
21.cxd4 g5
22.Rd1f1 Rf8d8
23.Ra1d1 h5
24.b4 g4
25.g3 Kc8
26.Qc4d3 Nc6e7
27.f4 gxf3
28.Rf1xf3 Qf5xf3
29.Rd1f1 Qf3xe3
30.Qd3xe3 Re4xe3
31.Rf1f4 Re3xa3
32.Kg2 Ra3b3
33.Rf4f7 Ne7c6
34.Rf7h7 Rd8xd4
35.Rh7h8 Nc6d8
36.Rh8xh5 Rd4d2
{ resign }
0-1

[Event "Eq:Equipo Juan Diaz-Team USA : "]
[Site "www.chess-mail.com"]
[Date "2015.01.01"]
[Round "1"]
[White "Quetzaltcoal"]
[Black "Uji40"]
[WhiteElo "1900"]
[BlackElo "1740"]
[Result "1-0"]
[Round "1"]
1.d4 Ng8f6
2.c4 g6
3.Nb1c3 d5
4.cxd5 Nf6xd5
5.e4 Nd5xc3
6.bxc3 Bf8g7
7.Bf1c4 O-O
8.Ng1e2 a6
9.a4 b6
10.O-O Rf8e8
11.Bc1e3 Bc8b7
12.Qd1b3 Re8f8
13.f3 Qd8d7
14.Ne2g3 b5
15.axb5 a5
16.e5 e6
17.Ng3e4 Bb7xe4
18.fxe4 c6
19.b6 Qd7b7
20.Ra1a2 Nb8d7
21.Ra2f2 Nd7xb6
22.Rf2b2 Rf8e8
23.Qb3xb6 Qb7xb6
24.Rb2xb6 Re8c8
25.Rb6b7 a4
26.Rf1xf7 Bg7f8
27.Bc4xe6 a3
28.Rf7xh7 { resign }
1-0

[Event "Fast Game"]
[Site "www.echecsemail.com"]
[Date "2015.01.01"]
[Round "1"]
[White "Chessmith19"]
[Black "Pgcbies"]
[WhiteElo "2130"]
[BlackElo "2180"]
[Result "1/2-1/2"]
[Round "1"]
1.e4 e5
2.Ng1f3 Nb8c6
3.Bf1b5 a6
4.Bb5a4 Ng8f6
5.O-O b5
6.Ba4b3 Bf8e7
7.d4 d6
8.dxe5 dxe5
9.Qd1xd8 Be7xd8
10.Nb1c3 O-O
11.Bc1e3 h6
12.Nf3e1 a5
13.Nc3xb5 a4
14.Bb3c4 Ra8b8
15.Bc4d3 Bc8d7
16.Ne1f3 Nc6b4
17.Nb5c3 Nb4xd3
18.cxd3 Rf8e8
19.Rf1b1 Nf6h5
20.b3 axb3
21.Rb1xb3 Rb8a8
22.Ra1b1 f6
23.g3 Bd8e7
24.Rb3b7 Be7d6
25.Nc3d5 Ra8xa2
26.Nd5xc7 Bd6xc7
27.Rb7xc7 Bd7h3
28.d4 exd4
29.Be3xd4 Re8xe4
30.Bd4e3 Kh7
31.Rb1e1 f5
32.Be3d4 Bh3g4
33.Re1xe4 fxe4
34.Nf3e1 { draw }
1/2-1/2

[Event "Tourn. n7939"]
[Site "www.chess-mail.com"]
[Date "2015.01.01"]
[Round "1"]
[White "Mitja"]
[Black "Kollipaa"]
[WhiteElo "1910"]
[BlackElo "1970"]
[Result "0-1"]
[Round "1"]
1.d4 b6
2.e3 Bc8b7
3.Ng1f3 Ng8f6
4.c3 e6
5.Bf1e2 Bf8e7
6.h3 d5
7.Nb1d2 Nb8d7
8.Nd2b3 O-O
9.Be2d3 c5
10.dxc5 bxc5
11.Bd3c2 Rf8e8
12.O-O c4
13.Nb3d4 Nd7f8
14.Bc2a4 Nf6d7
15.Ba4c6 Bb7xc6
16.Nd4xc6 Qd8c7
17.Nc6d4 Nd7c5
18.Nf3e1 Nf8g6
19.Qd1f3 Nc5e4
20.Ne1c2 Re8f8
21.a3 a5
22.Qf3e2 Ne4c5
23.Bc1d2 Ra8b8
24.Ra1b1 Nc5d3
25.b4 axb4
26.axb4 Qc7a7
27.Rb1a1 Qa7b7
28.Rf1b1 Qb7d7
{ resign }
0-1

[Event "Tourn. n7985"]
[Site "www.chess-mail.com"]
[Date "2015.01.01"]
[Round "1"]
[White "Luban"]
[Black "Mitja"]
[WhiteElo "2080"]
[BlackElo "1910"]
[Result "1-0"]
[Round "1"]
1.d4 d5
2.Ng1f3 e6
3.e3 a6
4.c4 dxc4
5.Bf1xc4 Nb8d7
6.O-O Ng8f6
7.Nb1c3 Nd7b6
8.Bc4d3 { resign }
1-0

[Event "Tourn. n7850"]
[Site "www.chess-mail.com"]
[Date "2015.01.01"]
[Round "1"]
[White "Libiesse"]
[Black "Saidgermany"]
[WhiteElo "2090"]
[BlackElo "2070"]
[Result "1-0"]
[Round "1"]
1.d4 d5
2.c4 e6
3.Ng1f3 Ng8f6
4.Bc1g5 Nb8d7
5.Nb1c3 c6
6.cxd5 exd5
7.e3 Bf8e7
8.Bf1d3 O-O
9.O-O Nf6e4
10.Bg5xe7 Qd8xe7
11.Qd1c2 f5
12.a3  { time }
1-0

[Event "Tourn. n7899"]
[Site "www.chess-mail.com"]
[Date "2015.01.01"]
[Round "1"]
[White "Luban"]
[Black "Libiesse"]
[WhiteElo "2120"]
[BlackElo "2040"]
[Result "1/2-1/2"]
[Round "1"]
1.d4 d5
2.Ng1f3 e6
3.c4 Ng8f6
4.a3 Nb8c6
5.e3 Bf8d6
6.Nb1c3 O-O
7.Bf1e2 dxc4
8.Be2xc4 Bc8d7
9.e4 e5
10.d5 Nc6e7
11.Bc1g5 Ne7g6
12.O-O Rf8e8
13.Ra1c1 Ra8b8
14.Nc3b5 a6
15.Nb5xd6 cxd6
16.b4 b5
17.Bc4b3 Rb8c8
18.Qd1d3 Ng6f4
19.Bg5xf4 exf4
20.Rc1xc8 Bd7xc8
21.Nf3d2 Re8e5
22.f3 Qd8b6
23.Kh1 Nf6h5
24.g4 Nh5f6
25.h4 Qb6d8
26.Kg2 Nf6h5
{ draw }
1/2-1/2

[Event "Match"]
[Site "www.echecsemail.com"]
[Date "2015.01.01"]
[Round "1"]
[White "Generalfree"]
[Black "Derfel83"]
[WhiteElo "1780"]
[BlackElo "1940"]
[Result "1-0"]
[Round "1"]
1.c4 a6
2.b4 Nb8c6
3.a3 b5
4.c5 e6
5.Bc1b2 d6
6.cxd6 cxd6
7.e3 Bf8e7
8.Bb2xg7 Be7f6
9.Bg7xh8 Bf6xh8
10.Nb1c3 Ng8f6
11.Ra1c1 Bc8b7
12.h3  { time }
1-0

[Event "Match"]
[Site "www.echecsemail.com"]
[Date "2015.01.01"]
[Round "1"]
[White "Amateurplay"]
[Black "Caspito"]
[WhiteElo "1499"]
[BlackElo "1850"]
[Result "1-0"]
[Round "1"]
1.e4 e5
2.Ng1f3 Nb8c6
3.Bf1c4 Nc6d4
4.O-O c6
5.Nf3xe5 Nd4e6
6.d4 d5
7.exd5 cxd5
8.Bc4b5 Ke7
9.Qd1f3 Ng8f6
10.Rf1e1 a6
11.Bb5a4 b5
12.Ne5c6 { resign }
1-0